Terraria - ALL Bosses - Statistics

General Stats
  • This quiz has been taken 21 times
  • The average score is 28 of 35
Answer Stats
Bosses Answer % Correct
Ninja for breakfast. King Slime
100%
Earthworm Sally. Eater of Worlds
95%
Ship with Fly Hacks. Flying Dutchman
95%
Feminist King Slime. Queen Slime
95%
Sans. Skeletron
95%
The Harder Sans. Skeletron Prime
95%
Earthdestroyer Sally. The Destroyer
95%
Your eye but 50 times bigger, 2x. The Twins
95%
Your eye but 50 times bigger. Eye of Cthulhu
89%
Pathetic Boss. Golem
89%
The Neighbours Kid. Lunatic Cultist
89%
Giant Squid in a Nutshell. Moon Lord
89%
Not the Bees! Queen Bee
89%
Acne contaminated Sausage wall. Wall of Flesh
89%
Big Brain Time. Brain of Cthulhu
84%
Guinea Pig. Duke Fishron
84%
The 9999 HP Sans. Dungeon Guardian
84%
Touch Butterfly = Death. Empress of Light
84%
Result of what happens when you use mutated fertilizer. Plantera
84%
Martian Sauce Martian Saucer
79%
Moaning Wood. Mourning Wood
79%
[REDACTED] Ocram
79%
Red Sausage with Wings. Betsy
74%
Mister Three Face. Pumpking
74%
Evil Christmas Tree. Everscream
68%
Chad Goblin. Ogre
68%
The last thing children on the naughty list see. Santa-NK1
68%
Large dozens of Frozen I guess. Ice Queen
63%
Teeth Pile in pink. Nebula Pillar
63%
Teeth Pile in orange. Solar Pillar
63%
Teeth Pile in blue. Stardust Pillar
63%
Grinning Easter Bunny Lepus
58%
Raging Turkor Turkor the Ungrateful
58%
Teeth Pile in turquoise. Vortex Pillar
58%
Guess he likes riding books. Dark Mage
47%
No matching quizzes found
Score Distribution
Percent of People with Each Score
Percentile by Number Answered
Your Score History
You have not taken this quiz